[Event "Millionaire Chess Open 2014"]
[Site "Las Vegas USA"]
[Date "2014.10.12"]
[Round "7.60"]
[White "Perez Avendano, Paul Omar"]
[Black "Perdomo, Carlos Andres"]
[Result "1-0"]
[WhiteTitle "FM"]
[BlackTitle "IM"]
[WhiteElo "2251"]
[BlackElo "2331"]
[WhiteFideId "5102847"]
[BlackFideId "4400852"]
[EventDate "2014.10.09"]

1. e4 c5 2. Nf3 e6 3. d4 cxd4 4. Nxd4 a6 5. Bd3 Qc7 6. O-O Nf6 7. c4 Be7 8. Nc3
d6 9. Be3 Nbd7 10. Rc1 b6 11. b4 Bb7 12. f4 g6 13. Rc2 Rg8 14. a3 Rc8 15. Qe2
Qb8 16. Kh1 Qa8 17. Bg1 h5 18. Nf3 Ng4 19. Bd4 Qb8 20. h3 Bf6 21. Bxf6 Ngxf6 22.
e5 Bxf3 23. Qxf3 Nh7 24. exd6 Qxd6 25. Ne4 Qc6 26. Qe3 Nhf6 27. c5 Nxe4 28. Bxe4
Qb5 29. Bd3 Qa4 30. Rfc1 bxc5 31. bxc5 Nf6 32. Bc4 Ke7 33. Rb2 Rgd8 34. Rb6 Rc6
35. Bb3 Qxa3 36. Rxc6 Nd5 37. Qd2 Qxb3 38. Rxa6 Nb4 39. Rd6 Nd5 40. Rxd8 Kxd8
41. Rd1 1-0

[Event "Millionaire Chess Open 2014"]
[Site "Las Vegas USA"]
[Date "2014.10.12"]
[Round "7.61"]
[White "Florez, Carlos Julio"]
[Black "Balint, Vilmos"]
[Result "1-0"]
[WhiteElo "2168"]
[BlackElo "2204"]
[WhiteFideId "4400810"]
[BlackFideId "718050"]
[EventDate "2014.10.09"]

1. e4 e5 2. Nf3 Nc6 3. Bc4 Nf6 4. d4 exd4 5. e5 d5 6. Bb5 Ne4 7. Nxd4 Bd7 8.
Bxc6 bxc6 9. O-O Bc5 10. f3 Ng5 11. f4 Ne4 12. Be3 Bb6 13. Nc3 Nxc3 14. bxc3 Qe7
15. Qd2 O-O 16. Rae1 Rad8 17. f5 c5 18. f6 Qxe5 19. Nb3 Qh5 20. Nxc5 Bb5 21. Nd3
Rfe8 22. Bxb6 axb6 23. Qf4 Rxe1 24. Rxe1 Re8 25. Rxe8+ Bxe8 26. h3 gxf6 27. Qxc7
Qd1+ 28. Kh2 Qxc2 29. Qg3+ Kh8 30. Nf4 Qf5 31. Qf2 Qe5 32. Qd2 Bb5 33. g3 Bc4
34. a3 Kg7 35. Qb2 Qe3 36. h4 b5 37. Ng2 Qf3 38. Qd2 Bf1 39. Ne3 Be2 40. Ng2 Qf2
41. Qe3 Qf1 42. Qg1 Qf5 43. Nf4 Bf3 44. Qf2 Qe4 45. Kh3 Qf5+ 46. Kh2 Be4 47. Qe2
Qe5 48. Qd2 Qd6 49. Nh5+ Kf8 50. Qb2 Bf3 51. Nf4 Qc6 52. Qb4+ Kg8 53. Qd4 Kg7
54. Kg1 Qc8 55. Kf2 Qg4 56. Qe3 Be4 57. Ke1 Bc2 58. Kf2 Be4 59. Qe2 Qc8 60. Qe3
Qf5 1-0

[Event "Millionaire Chess Open 2014"]
[Site "Las Vegas USA"]
[Date "2014.10.12"]
[Round "7.63"]
[White "Rueda, Libardo"]
[Black "Davidson, Kevin"]
[Result "1/2-1/2"]
[WhiteElo "2142"]
[BlackElo "2246"]
[WhiteFideId "2008971"]
[BlackFideId "2056810"]
[EventDate "2014.10.09"]

1. b4 e5 2. Bb2 Bxb4 3. Bxe5 Nf6 4. Nf3 Nc6 5. Bb2 d5 6. e3 Be6 7. Be2 h6 8. O-O
O-O 9. d3 Re8 10. Nbd2 Bf8 11. c4 dxc4 12. Nxc4 Bxc4 13. dxc4 Ne4 14. Qa4 Nc5
15. Qc2 Nb4 16. Qf5 g6 17. Qh3 Bg7 18. Bxg7 Kxg7 19. Nd4 c6 20. a3 Nba6 21. Rab1
Qe7 22. Bf3 Rad8 23. Qg3 Kh7 24. h4 h5 25. Qh3 Nc7 26. Kh1 N7e6 27. Ne2 f5 28.
Ng3 Ng7 29. Ne2 Rd3 30. Nf4 Rxa3 31. Qg3 Qf6 32. Nh3 Nge6 33. Rfd1 Rd8 34. Rxd8
Qxd8 35. Rd1 Rd3 36. Rxd3 Qxd3 37. Qe5 Qd8 38. Ng5+ Nxg5 39. hxg5 Nd3 40. Qe6
Kg7 41. Bxh5 Qxg5 42. Qd7+ Kh6 43. Qxd3 Kxh5 44. Kg1 Qh4 45. c5 Qb4 46. Qd8 Qe1+
47. Kh2 Qxf2 48. Qh8+ Kg5 49. Qd8+ Kg4 50. Qd4+ f4 51. Qd7+ Kg5 52. Qd8+ Kf5 53.
Qd3+ Kg5 54. Qd8+ Kg4 55. Qd7+ Kh5 56. Qh7+ Kg5 57. Qe7+ Kf5 1/2-1/2

[Event "Millionaire Chess Open 2014"]
[Site "Las Vegas USA"]
[Date "2014.10.13"]
[Round "8.1"]
[White "Azarov, Sergei"]
[Black "Naroditsky, Daniel"]
[Result "1/2-1/2"]
[WhiteTitle "GM"]
[BlackTitle "GM"]
[WhiteElo "2639"]
[BlackElo "2601"]
[WhiteFideId "13501470"]
[BlackFideId "2026961"]
[EventDate "2014.10.09"]

1. e4 e5 2. Nf3 Nc6 3. Bb5 Nf6 4. O-O Nxe4 5. d4 Nd6 6. Bxc6 dxc6 7. dxe5 Nf5 8.
Qxd8+ Kxd8 9. h3 Bd7 10. g4 Ne7 11. Ng5 Ke8 12. Re1 h6 13. Ne4 h5 14. f3 hxg4
15. hxg4 Ng6 16. Kg2 Be6 17. Nbc3 Be7 18. Ng5 Bd7 19. Bd2 f6 20. exf6 gxf6 21.
Nge4 Kf7 22. Rad1 Be6 23. Rh1 Rad8 24. Rxh8 Rxh8 25. Be3 f5 26. gxf5 Bxf5 27.
Ne2 Bh3+ 28. Kf2 Be6 29. Ng5+ Bxg5 30. Bxg5 Rh2+ 1/2-1/2

[Event "Millionaire Chess Open 2014"]
[Site "Las Vegas USA"]
[Date "2014.10.13"]
[Round "8.4"]
[White "Berczes, David"]
[Black "Najer, Evgeniy"]
[Result "1-0"]
[WhiteTitle "GM"]
[BlackTitle "GM"]
[WhiteElo "2471"]
[BlackElo "2635"]
[WhiteFideId "722960"]
[BlackFideId "4118987"]
[EventDate "2014.10.09"]

1. d4 Nf6 2. c4 e6 3. Nf3 Bb4+ 4. Nbd2 O-O 5. g3 d5 6. Bg2 dxc4 7. Qc2 c5 8.
Qxc4 Nc6 9. O-O Nxd4 10. Nxd4 Qxd4 11. Qc2 Bxd2 12. Bxd2 Nd5 13. e3 Qe5 14. f4
Qc7 15. e4 Nf6 16. e5 Nd5 17. f5 Qxe5 18. Qxc5 Qxb2 19. Bxd5 Qxd2 20. fxe6 Bxe6
21. Bxe6 fxe6 22. Rxf8+ Rxf8 23. Qxa7 h5 24. Qb6 Qd5 25. Re1 Rf6 26. Qb3 Qf5 27.
Kh1 b5 28. Qd1 b4 29. Qd8+ Kh7 30. Qd4 Qa5 31. Qe4+ Kg8 32. Re2 Qa3 33. Kg2 Qc1
34. Re1 Qb2+ 35. Re2 Qa1 36. Kh3 Qf1+ 37. Kh4 Kh8 38. Rd2 Rf8 39. Qe5 1-0

[Event "Millionaire Chess Open 2014"]
[Site "Las Vegas USA"]
[Date "2014.10.13"]
[Round "8.5"]
[White "Shankland, Samuel L"]
[Black "Abel, Dennes"]
[Result "1-0"]
[WhiteTitle "GM"]
[WhiteElo "2633"]
[BlackElo "2446"]
[WhiteFideId "2004887"]
[BlackFideId "24605417"]
[EventDate "2014.10.09"]

1. e4 c6 2. d4 d5 3. e5 Bf5 4. Nf3 e6 5. Be2 Be7 6. O-O Nh6 7. c4 dxc4 8. Bxc4
Nd7 9. Nc3 Nb6 10. Be2 Qc7 11. a4 a5 12. Qb3 Bg6 13. h3 O-O 14. g4 Rad8 15. Be3
Nd5 16. Nxd5 Rxd5 17. Rac1 Rd7 18. Bd3 Bxd3 19. Qxd3 Qd8 20. Qe4 Kh8 21. h4 Ng8
22. Ng5 f5 23. exf6 Nxf6 24. Qg2 Qc8 25. Nxe6 Re8 26. Nf4 Bd6 27. d5 Bxf4 28.
dxc6 bxc6 29. Bxf4 Rd4 30. Rxc6 Qa8 31. Bg3 Rxg4 32. b3 Qd8 33. Qf3 Rd4 34. Rfc1
h6 35. Rc7 Rd3 36. Qf5 Qd4 37. Kg2 Rxb3 38. Rc8 Rg8 39. Rxg8+ Nxg8 40. Rc8 Rd3
41. Be5 Qd7 42. Qxd7 Rxd7 43. Rc5 Ne7 44. Rxa5 Nc6 45. Ra8+ Kh7 46. Bg3 Rd5 47.
Rc8 Na5 48. Rc7 Kg6 49. Kf3 Rd3+ 50. Ke4 Ra3 51. h5+ Kf6 52. Be5+ Ke6 53. Bxg7
Rxa4+ 54. Kf3 Nc4 55. Bxh6 Ne5+ 56. Kg3 Rg4+ 57. Kh3 Rg1 58. Bf4 Rh1+ 59. Kg3
Rg1+ 60. Kh2 Nf3+ 61. Kh3 Kf5 62. Rf7+ Ke4 63. h6 Rg5 64. Be3 Ng1+ 65. Kh4 Rg2
66. h7 Rh2+ 67. Kg5 Nf3+ 68. Kf6 1-0

[Event "Millionaire Chess Open 2014"]
[Site "Las Vegas USA"]
[Date "2014.10.13"]
[Round "8.8"]
[White "Margvelashvili, Giorgi"]
[Black "Le, Quang Liem"]
[Result "1/2-1/2"]
[WhiteTitle "GM"]
[BlackTitle "GM"]
[WhiteElo "2540"]
[BlackElo "2706"]
[WhiteFideId "13602926"]
[BlackFideId "12401137"]
[EventDate "2014.10.09"]

1. d4 Nf6 2. c4 g6 3. Nf3 Bg7 4. g3 d5 5. cxd5 Nxd5 6. Bg2 Nb6 7. O-O Nc6 8. Nc3
O-O 9. d5 Na5 10. Qc2 c6 11. dxc6 Nxc6 12. Rd1 Qe8 13. Be3 Bf5 14. Qc1 Rc8 15.
Nd4 Bd7 16. b3 h5 17. Qd2 Nxd4 18. Bxd4 Bc6 19. Bxg7 Kxg7 20. Nd5 Kg8 21. Qe3
Nxd5 22. Bxd5 b6 23. Rac1 e6 24. Bxc6 Rxc6 25. Rxc6 Qxc6 26. Rc1 Qd6 27. Qd3 Qe7
28. Rc4 Rd8 29. Rd4 Rxd4 30. Qxd4 Qc7 31. Qd2 Kf8 32. h4 Ke7 33. e3 Qd6 34. Qc2
Qe5 35. Kf1 Kd6 36. Ke2 Qb5+ 37. Qd3+ Kc6 38. Qxb5+ Kxb5 39. a3 Kc5 40. Kd3 e5
41. e4 f5 42. f3 Kd6 43. Ke3 b5 44. b4 Ke6 45. Ke2 Kf7 46. Ke3 Kg7 47. Kf2 g5
48. Ke2 Kf7 49. Kf2 Kg7 50. Ke2 f4 51. gxf4 gxf4 1/2-1/2

[Event "Millionaire Chess Open 2014"]
[Site "Las Vegas USA"]
[Date "2014.10.13"]
[Round "8.10"]
[White "Chirila, Ioan-Cristian"]
[Black "Akobian, Varuzhan"]
[Result "1/2-1/2"]
[WhiteTitle "GM"]
[BlackTitle "GM"]
[WhiteElo "2529"]
[BlackElo "2640"]
[WhiteFideId "1211668"]
[BlackFideId "13300580"]
[EventDate "2014.10.09"]

1. d4 Nf6 2. c4 b6 3. Nf3 Bb7 4. g3 g6 5. Bg2 Bg7 6. O-O O-O 7. Nc3 Ne4 8. Bd2
c5 9. d5 Nxd2 10. Qxd2 d6 11. h4 Nd7 12. h5 a6 13. a4 Bc8 14. hxg6 hxg6 15. Qf4
Ne5 16. Nxe5 Bxe5 17. Qd2 Bd7 18. f4 Bg7 19. Bf3 b5 20. axb5 axb5 21. Rfe1 bxc4
22. e4 Bh3 23. Bg2 Bd7 24. Kh2 Bg4 25. Bh3 Qd7 26. f5 Bxh3 27. Kxh3 Kh7 28. Kg2
Rh8 29. Ne2 Bf6 30. Rh1+ Kg7 31. Nc3 Rxh1 32. Rxh1 Rh8 33. Rxh8 Kxh8 1/2-1/2

[Event "Millionaire Chess Open 2014"]
[Site "Las Vegas USA"]
[Date "2014.10.13"]
[Round "8.11"]
[White "Bartholomew, John"]
[Black "Ghaem Maghami, Ehsan"]
[Result "1/2-1/2"]
[WhiteTitle "IM"]
[BlackTitle "GM"]
[WhiteElo "2446"]
[BlackElo "2594"]
[WhiteFideId "2019353"]
[BlackFideId "12500739"]
[EventDate "2014.10.09"]

1. d4 Nf6 2. c4 e6 3. Nc3 Bb4 4. Qc2 O-O 5. a3 Bxc3+ 6. Qxc3 d6 7. Bg5 Nbd7 8.
e3 b6 9. Nf3 Bb7 10. Nd2 Rc8 11. f3 c5 12. dxc5 Rxc5 13. Bh4 d5 14. b4 Rc8 15.
Qb2 Qc7 16. Bg3 e5 17. Bd3 Rfe8 18. O-O Nh5 19. cxd5 Nxg3 20. hxg3 Bxd5 21. Rac1
Qd6 22. Bb5 Red8 23. Rfd1 Rxc1 24. Qxc1 Qb8 25. e4 Be6 26. Nc4 Nf8 27. Ne3 Rxd1+
28. Qxd1 Qc7 29. Qd3 h6 30. Kh2 h5 31. Bc4 Qd7 1/2-1/2

[Event "Millionaire Chess Open 2014"]
[Site "Las Vegas USA"]
[Date "2014.10.13"]
[Round "8.12"]
[White "Milman, Lev"]
[Black "Lenderman, Aleksandr"]
[Result "1/2-1/2"]
[WhiteTitle "IM"]
[BlackTitle "GM"]
[WhiteElo "2427"]
[BlackElo "2589"]
[WhiteFideId "2020050"]
[BlackFideId "2021285"]
[EventDate "2014.10.09"]

1. e4 e6 2. d4 d5 3. Nc3 Nf6 4. e5 Nfd7 5. f4 c5 6. Nf3 Nc6 7. Be3 Be7 8. Qd2
O-O 9. dxc5 Nxc5 10. O-O-O a6 11. Kb1 b5 12. Qf2 Nd7 13. Nd4 Nxd4 14. Bxd4 b4
15. Na4 a5 16. Bb5 Rb8 17. Bd3 Qc7 18. Rhe1 Qc6 19. b3 Ba6 20. f5 Bxd3 21. Rxd3
exf5 22. Qxf5 Qe6 23. Qf3 f6 24. Bb2 Rb5 25. Rde3 f5 26. Rd1 Re8 27. Red3 Nxe5
28. Qe2 Bf6 29. Re3 d4 30. Bxd4 Rd5 31. c4 bxc3 32. Nxc3 Rdd8 33. Bxe5 Rxd1+ 34.
Nxd1 Bxe5 35. Nb2 f4 36. Re4 Qf5 37. Nd3 g6 38. Rxf4 Bxf4 39. Qxe8+ Kg7 40. Qe7+
Kh6 41. Qh4+ Kg7 42. Kc2 Qc8+ 43. Kb2 g5 44. Qe1 Bxh2 45. Qxa5 Qg4 46. Qc3+ Kg6
47. Qc6+ Kh5 48. Qe8+ Kh6 49. Qf8+ Kh5 50. Qf7+ Kh6 51. Qf2 Bg3 52. Qf6+ Kh5 53.
Qf7+ Kh6 54. Qf8+ Kh5 55. Kc3 Qe4 56. Qf7+ Kh6 57. Qf1 Kg7 58. a4 h5 59. b4 h4
60. a5 g4 61. a6 Bd6 62. Qg1 Be7 63. Nc5 Qd5 64. Kb2 Qc4 1/2-1/2

[Event "Millionaire Chess Open 2014"]
[Site "Las Vegas USA"]
[Date "2014.10.13"]
[Round "8.13"]
[White "Felgaer, Ruben"]
[Black "Xiong, Jeffery"]
[Result "1-0"]
[WhiteTitle "GM"]
[BlackTitle "IM"]
[WhiteElo "2577"]
[BlackElo "2470"]
[WhiteFideId "107069"]
[BlackFideId "2047640"]
[EventDate "2014.10.09"]

1. e4 Nf6 2. e5 Nd5 3. d4 d6 4. c4 Nb6 5. exd6 exd6 6. Nc3 Nc6 7. Be2 Be7 8. Nf3
Bg4 9. b3 O-O 10. O-O Re8 11. h3 Bh5 12. Be3 Bf6 13. Qd2 d5 14. c5 Nc8 15. Rad1
Bxf3 16. Bxf3 N8e7 17. g4 g6 18. a3 Qd7 19. b4 Nd8 20. Bg2 Bg7 21. f4 f5 22. g5
c6 23. a4 Ne6 24. b5 Qc7 25. Rb1 h6 26. h4 hxg5 27. hxg5 Kf7 28. Rb4 Qa5 29.
Rfb1 Rad8 30. Qd3 Rd7 31. Ne2 Nd8 32. Bd2 Qc7 33. Bf3 Nc8 34. bxc6 Qxc6 35. a5
Re6 36. Nc3 Ne7 37. Kg2 Kf8 38. Be3 Qa6 39. Qd2 Qc6 40. Nb5 Qa6 41. R4b3 b6 42.
axb6 axb6 43. Ra3 Qc8 44. Nd6 Rexd6 45. cxd6 Rxd6 46. Rba1 Kf7 47. Ra8 Qe6 48.
Bf2 Ndc6 49. Qb2 Na5 50. Ra7 Nc4 51. Qb5 Nd2 52. Re1 Ne4 53. Rc1 Nxf2 54. Rcc7
Bxd4 55. Ra8 Rc6 56. Bxd5 1-0

[Event "Millionaire Chess Open 2014"]
[Site "Las Vegas USA"]
[Date "2014.10.13"]
[Round "8.15"]
[White "Brunello, Sabino"]
[Black "Viswanadha, Kesav"]
[Result "1-0"]
[WhiteTitle "GM"]
[BlackTitle "FM"]
[WhiteElo "2552"]
[BlackElo "2424"]
[WhiteFideId "813613"]
[BlackFideId "2059533"]
[EventDate "2014.10.09"]

1. d4 Nf6 2. c4 e6 3. Nf3 b6 4. g3 Ba6 5. b3 Bb7 6. Bg2 Bb4+ 7. Bd2 c5 8. O-O
O-O 9. Bc3 Na6 10. Bb2 cxd4 11. Qxd4 Be7 12. Nc3 d6 13. Rfd1 Nc5 14. Rac1 a6 15.
Qe3 Qc7 16. Bh3 Rfe8 17. Nd4 Rac8 18. f3 Bf8 19. Qf2 Qb8 20. e4 Ncd7 21. Bg2 Qa8
22. Qe2 Red8 23. h3 Be7 24. Kh2 Ne8 25. Ba1 Bf6 26. Qe3 Qb8 27. Rc2 Nf8 28. f4
Ng6 29. f5 Nf8 30. Rf2 Nc7 31. fxe6 fxe6 32. Nf3 b5 33. e5 dxe5 34. Rxd8 Rxd8
35. Nxe5 Nd5 36. Nxd5 exd5 37. Rxf6 gxf6 38. Ng4 Rd6 39. Qe7 1-0

[Event "Millionaire Chess Open 2014"]
[Site "Las Vegas USA"]
[Date "2014.10.13"]
[Round "8.16"]
[White "Kacheishvili, Giorgi"]
[Black "Ashwin, Jayaram"]
[Result "1-0"]
[WhiteTitle "GM"]
[BlackTitle "IM"]
[WhiteElo "2597"]
[BlackElo "2468"]
[WhiteFideId "13600613"]
[BlackFideId "5018137"]
[EventDate "2014.10.09"]

1. Nf3 Nf6 2. g3 d5 3. Bg2 c6 4. O-O g6 5. d3 Bg7 6. Nbd2 Qc7 7. e4 e5 8. exd5
Nxd5 9. d4 exd4 10. Re1+ Be6 11. Ng5 O-O 12. Rxe6 fxe6 13. Nxe6 Qf7 14. Nxf8
Qxf8 15. Nb3 Qf6 16. Na5 Qe7 17. Bd2 Na6 18. Qf1 Qc7 19. Qc4 Rd8 20. Re1 Nb8 21.
Qb3 b6 22. Nxc6 Qxc6 23. Bg5 Rd6 24. Bf4 Rd8 25. Bxb8 a5 26. a4 Qd7 27. Bxd5+
Qxd5 28. Re8+ 1-0

[Event "Millionaire Chess Open 2014"]
[Site "Las Vegas USA"]
[Date "2014.10.13"]
[Round "8.17"]
[White "Drozdowski, Kacper"]
[Black "Holt, Conrad"]
[Result "1-0"]
[WhiteTitle "IM"]
[BlackTitle "GM"]
[WhiteElo "2458"]
[BlackElo "2571"]
[WhiteFideId "1136720"]
[BlackFideId "2034387"]
[EventDate "2014.10.09"]

1. b3 e5 2. Bb2 Nc6 3. e3 d5 4. Bb5 f6 5. Ne2 a6 6. Bxc6+ bxc6 7. O-O Bd6 8. f4
Nh6 9. fxe5 fxe5 10. Qe1 Qg5 11. c4 Be6 12. cxd5 cxd5 13. Ba3 Bxa3 14. Nxa3 Nf5
15. Rc1 Qe7 16. Nc2 O-O 17. d4 e4 18. Ng3 Nh6 19. Rxf8+ Rxf8 20. Qb4 Qd7 21. Rf1
Rc8 22. Qc5 Ng4 23. h3 Qd6 24. hxg4 Qxg3 25. Rf4 Kh8 26. Qe7 Bg8 27. Qd7 Rb8 28.
Qxc7 Re8 29. Qd7 Rb8 30. Qf5 h6 31. g5 Qxg5 32. Qxg5 hxg5 33. Rf5 g6 34. Rf6 a5
35. Ra6 Rc8 36. Ne1 Rc1 37. Kf1 Kg7 38. Rxa5 Be6 39. Rc5 Ra1 40. Rc2 Kf6 41.
Rf2+ Ke7 42. Rb2 Kd6 43. Kf2 Rd1 44. a4 Bd7 45. Rc2 Rb1 46. Rc3 Bg4 47. Nc2 Bd1
48. Na3 Rxb3 49. Nb5+ Ke7 50. Rxb3 Bxb3 51. Nc3 Kd6 52. Kg3 Kc6 53. Kg4 Kb6 54.
Kxg5 Ka5 55. Kxg6 Kb4 56. Ne2 Bxa4 57. Kf5 Kc4 58. Nf4 Bd7+ 59. Ke5 Bg4 60. Nxd5
Kd3 61. Kf4 Be6 62. Nf6 1-0

[Event "Millionaire Chess Open 2014"]
[Site "Las Vegas USA"]
[Date "2014.10.13"]
[Round "8.18"]
[White "Matamoros Franco, Carlos S."]
[Black "Aldama Degurnay, Dionisio"]
[Result "1-0"]
[WhiteTitle "GM"]
[BlackTitle "IM"]
[WhiteElo "2517"]
[BlackElo "2408"]
[WhiteFideId "3600017"]
[BlackFideId "3500268"]
[EventDate "2014.10.09"]

1. Nf3 Nf6 2. c4 g6 3. g3 Bg7 4. Bg2 O-O 5. O-O d6 6. d4 Nbd7 7. Nc3 e5 8. e4 a6
9. Qc2 exd4 10. Nxd4 Ne5 11. b3 Bd7 12. f4 Neg4 13. h3 Nh5 14. Nde2 Nxg3 15.
Nxg3 Bd4+ 16. Kh1 Qh4 17. Qd3 Nf2+ 18. Rxf2 Bxf2 19. Kh2 Rae8 20. Bd2 f5 21. Nh1
Bc5 22. Rf1 Rf7 23. Ng3 c6 24. exf5 gxf5 25. Nce2 Re6 26. Rf3 Rg6 27. Bc3 Kf8
28. b4 Ba7 29. Nd4 Rgf6 30. Nc2 Rg6 31. Nd4 Rgf6 32. Nc2 Rg6 33. Ne3 Bxe3 34.
Qxe3 Qe7 35. Qd2 b5 36. c5 dxc5 37. bxc5 Ke8 38. Qd4 Kd8 39. Qb4 Ke8 40. Be5 Be6
41. Bd6 Qd7 42. Re3 Rfg7 43. Qa5 Qb7 44. Bf3 Kd7 45. Bh5 Kc8 46. Bxg6 Rxg6 1-0

[Event "Millionaire Chess Open 2014"]
[Site "Las Vegas USA"]
[Date "2014.10.13"]
[Round "8.19"]
[White "Li, Ruifeng"]
[Black "Pakleza, Zbigniew"]
[Result "1/2-1/2"]
[WhiteTitle "FM"]
[BlackTitle "IM"]
[WhiteElo "2365"]
[BlackElo "2509"]
[WhiteFideId "2061074"]
[BlackFideId "1119290"]
[EventDate "2014.10.09"]

1. e4 e5 2. Nf3 Nc6 3. Bb5 g6 4. O-O Bg7 5. c3 d6 6. d4 Bd7 7. Be3 Nf6 8. Nbd2
O-O 9. Bxc6 Bxc6 10. dxe5 dxe5 11. Nxe5 Bxe4 12. Nxe4 Nxe4 13. Qc2 Nd6 14. Nf3
Re8 15. Rad1 Qf6 16. Rfe1 Qe6 17. a3 Qc4 18. Bd4 Nf5 19. Bxg7 Kxg7 20. Ne5 Qe6
21. Nf3 Qc4 22. Ne5 Qe6 23. Nf3 Qc4 24. Ne5 1/2-1/2

[Event "Millionaire Chess Open 2014"]
[Site "Las Vegas USA"]
[Date "2014.10.13"]
[Round "8.21"]
[White "Zuluaga, Cesar"]
[Black "Shabalov, Alexander"]
[Result "0-1"]
[WhiteTitle "IM"]
[BlackTitle "GM"]
[WhiteElo "2344"]
[BlackElo "2499"]
[WhiteFideId "4401492"]
[BlackFideId "2008572"]
[EventDate "2014.10.09"]

1. d4 Nf6 2. Nf3 b6 3. Bf4 Bb7 4. e3 g6 5. h3 Bg7 6. Nbd2 O-O 7. Bd3 c5 8. c3 d6
9. Bh2 cxd4 10. cxd4 e5 11. dxe5 dxe5 12. Bc4 e4 13. Nd4 a6 14. Rc1 Qe7 15. Bb3
Nbd7 16. Rc7 Bd5 17. O-O Rfc8 18. Qc2 Qe8 19. Rc1 Rxc7 20. Qxc7 Bxb3 21. N2xb3
Bf8 22. Qb7 Bc5 23. Nxc5 bxc5 24. Nc6 Kg7 25. Ne7 a5 26. a4 h5 27. Bf4 h4 28. b3
Kh7 29. Bd6 Nf8 30. Rxc5 Qd8 31. Rc6 Ne8 32. Bc5 Rb8 33. Rc8 Qd1+ 34. Kh2 Rxb7
35. Rxe8 Ne6 36. Ba3 Rxb3 0-1

[Event "Millionaire Chess Open 2014"]
[Site "Las Vegas USA"]
[Date "2014.10.13"]
[Round "8.23"]
[White "Kashebayev, Azamat"]
[Black "Chandra, Akshat"]
[Result "0-1"]
[BlackTitle "IM"]
[WhiteElo "2128"]
[BlackElo "2488"]
[WhiteFideId "13706420"]
[BlackFideId "25006711"]
[EventDate "2014.10.09"]

1. d4 Nf6 2. c4 e6 3. Nc3 Bb4 4. a3 Bxc3+ 5. bxc3 c5 6. e3 Nc6 7. Ne2 O-O 8. Ng3
b6 9. d5 Na5 10. e4 Ba6 11. Bg5 h6 12. h4 hxg5 13. hxg5 g6 14. e5 Nh7 15. Ne4
Kg7 16. Qf3 Rh8 17. Qf4 exd5 18. cxd5 Bxf1 19. Kxf1 Qe7 20. Re1 Nc4 21. Nf6 Nxg5
22. Rxh8 Rxh8 23. Qxg5 Nxe5 24. Rxe5 Qxf6 25. Qe3 Rh1+ 26. Ke2 Ra1 27. g4 Ra2+
28. Kf1 Rxf2+ 29. Qxf2 Qxe5 30. Qd2 Qe4 31. Qg5 f6 32. Qh4 Qxd5 33. Qg3 Qe5 34.
Qf3 d5 35. a4 Qe4 36. Qg3 0-1

[Event "Millionaire Chess Open 2014"]
[Site "Las Vegas USA"]
[Date "2014.10.13"]
[Round "8.24"]
[White "Barcenilla, Rogelio"]
[Black "Williams, Justus D"]
[Result "1-0"]
[WhiteTitle "GM"]
[BlackTitle "FM"]
[WhiteElo "2462"]
[BlackElo "2296"]
[WhiteFideId "5200059"]
[BlackFideId "2049929"]
[EventDate "2014.10.09"]

1. c4 c5 2. g3 g6 3. Bg2 Bg7 4. Nc3 Nf6 5. e4 O-O 6. Nge2 Nc6 7. d3 d6 8. a3 Rb8
9. Rb1 a6 10. b4 cxb4 11. axb4 b5 12. cxb5 axb5 13. d4 Nd7 14. O-O Ba6 15. e5
Rc8 16. exd6 exd6 17. Ra1 Ncb8 18. Nd5 Bb7 19. Qd3 Bc6 20. Ra7 Re8 21. Nec3 Nb6
22. Bg5 Qxg5 23. Nxb6 Bxg2 24. Kxg2 Rc6 25. Ncd5 Qg4 26. Rb7 Kh8 27. Ra1 Rxb6
28. Nxb6 Nc6 29. Rxf7 Nxd4 30. h3 Qe2 31. Qxe2 Nxe2 32. Raa7 Bd4 33. Rab7 Nc3
34. Rxh7+ Kg8 35. Rh4 Ne4 36. Nd5 1-0

[Event "Millionaire Chess Open 2014"]
[Site "Las Vegas USA"]
[Date "2014.10.13"]
[Round "8.25"]
[White "Krush, Irina"]
[Black "Schmakel, Sam A"]
[Result "1/2-1/2"]
[WhiteTitle "GM"]
[BlackTitle "FM"]
[WhiteElo "2457"]
[BlackElo "2305"]
[WhiteFideId "2012782"]
[BlackFideId "2039311"]
[EventDate "2014.10.09"]

1. d4 f5 2. c4 Nf6 3. Nc3 d6 4. Nf3 g6 5. Bf4 Bg7 6. e3 O-O 7. c5 h6 8. Bc4+ Kh8
9. h4 Nh5 10. O-O Nc6 11. Bh2 Bd7 12. Qd2 Nf6 13. d5 Na5 14. Be2 dxc5 15. Ne5
Kh7 16. Nxd7 Qxd7 17. Nb5 c6 18. Nc7 b6 19. Nxa8 Rxa8 20. d6 Ne4 21. Qc2 Nxd6
22. h5 gxh5 23. Rad1 Qe6 24. b3 Ne4 25. Bd3 Rf8 26. f3 Nc3 27. Rde1 Kh8 28. g4
fxg4 29. fxg4 Rxf1+ 30. Rxf1 Qxe3+ 31. Kg2 hxg4 32. Bg3 Nd5 33. Bg6 Bf6 34. Bf7
Qg5 35. Bxd5 Qxd5+ 36. Kg1 Kg7 37. Rf4 h5 38. Rf5 Qe6 39. Rxh5 Bd4+ 40. Kg2 Qg6
41. Qf5 Qxf5 42. Rxf5 Kg6 43. Rf4 Kg5 44. Rf8 e5 45. Be1 e4 46. Rf7 e3 47. Rd7
Kf5 48. Kf1 Ke4 49. Ke2 c4 50. Re7+ Kd5 51. Rd7+ Ke4 52. Re7+ Kd5 53. Rd7+ Ke4
54. Re7+ Kd5 1/2-1/2

[Event "Millionaire Chess Open 2014"]
[Site "Las Vegas USA"]
[Date "2014.10.13"]
[Round "8.26"]
[White "Kjartansson, Gudmundur"]
[Black "Vibbert, Sean"]
[Result "1-0"]
[WhiteTitle "IM"]
[BlackTitle "FM"]
[WhiteElo "2439"]
[BlackElo "2302"]
[WhiteFideId "2301318"]
[BlackFideId "2030292"]
[EventDate "2014.10.09"]

1. c4 Nf6 2. Nf3 c6 3. g3 d5 4. Bg2 dxc4 5. O-O Be6 6. Qc2 Na6 7. Ng5 Qd7 8. Na3
Nb4 9. Qc3 Nbd5 10. Qe5 Nb6 11. Nxe6 Qxe6 12. Qxe6 fxe6 13. b3 cxb3 14. axb3 g6
15. Nc4 Nxc4 16. bxc4 Kd7 17. Bb2 Bg7 18. Rfb1 b6 19. Ra6 Rhc8 20. Rba1 Ne8 21.
Bxg7 Nxg7 22. d4 Ne8 23. d5 cxd5 24. cxd5 exd5 25. Bxd5 Rab8 26. Rxa7+ Rc7 27.
R7a4 Nd6 28. Rb4 b5 29. e4 Rbc8 30. Kg2 e6 31. Bb3 e5 32. f4 Rc5 33. Ra7+ R8c7
34. Ra6 Nc4 35. Kh3 R7c6 36. Ra7+ Rc7 37. Ra8 Kd6 38. Rb8 Na5 39. Bd5 Nc6 40.
Rb6 exf4 41. gxf4 Rb7 42. Rxb7 Nxb4 43. Bg8 Nd3 44. Bxh7 Nxf4+ 45. Kg4 Ne6 46.
h4 Rc1 47. Rb6+ Ke7 48. Bg8 Rg1+ 49. Kf3 Nc5 50. Rxb5 Nxe4 51. Kxe4 Kf6 52. Kf3
Rh1 53. Kg3 Rg1+ 54. Kh2 Rg4 55. Kh3 Rd4 56. Rb6+ Kg7 57. Bb3 Rf4 58. Kg3 Rf6
59. Rb7+ Kh8 60. Kg4 Rc6 61. Bf7 Rc1 62. Bxg6 Rc5 63. Bf5 Rd5 64. Kg5 Rd6 65.
Bg6 Rd5+ 66. Kh6 Rd8 67. Rh7+ Kg8 68. Bf7+ Kf8 69. Rh8+ Ke7 70. Rxd8 Kxd8 71.
Kg7 1-0